Harry Potter Polyjuice Word Ladders Quiz Stats

 Plays Quiz Updated May 21, 2018

Challenge
Share
Tweet
Embed
Score 0/59 Timer 10:00
1 Play Today
Transformation Word % Correct
Second TransformationHARRY
99.8%
Third TransformationHARRY
99.8%
Fourth TransformationHARRY
99.8%
Fifth TransformationHARRY
99.8%
6th & 7th TransformationHARRY
99.8%
First TransformationHARRY
99.8%
Fifth TransformationHAIRY
62.9%
Third TransformationHAPPY
59.3%
Second TransformationCARRY
59.2%
Third TransformationHARPY
57.4%
Third TransformationSOAPS
55.2%
Third TransformationSOAPY
54.3%
Third TransformationSAPPY
53.6%
6th & 7th TransformationPARRY
52.5%
Second TransformationGINNY
51.4%
Third TransformationSOPPY
51.4%
First TransformationJAMES
50.3%
6th & 7th TransformationPERCY
50.2%
Fifth TransformationHAIRS
47.5%
Third TransformationSNAPE
47.4%
First TransformationTARRY
47.2%
Fourth TransformationHUBBY
47.1%
Fourth TransformationCABBY
46.4%
Fifth TransformationBAITS
46.1%
6th & 7th TransformationPERRY
45.7%
Fourth TransformationCUBBY
45.4%
6th & 7th TransformationPLANE
45.3%
First TransformationTAMES
45.2%
Fourth TransformationHOBBY
45.2%
Fourth TransformationDOBBY
44.9%
Transformation Word % Correct
Fourth TransformationHARDY
44.6%
Fifth TransformationLAIRS
44.5%
Third TransformationSNAPS
44.2%
Second TransformationCARNY
43.8%
6th & 7th TransformationDRANK
43.7%
Fifth TransformationARIES
43.3%
6th & 7th TransformationDRACO
42.5%
Second TransformationNANNY
41.9%
Fifth TransformationBRITS
41.7%
6th & 7th TransformationPLANK
41.3%
6th & 7th TransformationPRANK
41%
Fifth TransformationBRIES
40.4%
Fifth TransformationALIAS
40.1%
Fifth TransformationLAITS
39.9%
Second TransformationNINNY
39.5%
6th & 7th TransformationDRANO
39%
Fifth TransformationARIAS
38.9%
Second TransformationCANNY
38.7%
First TransformationTARTS
38.2%
Fifth TransformationALBUS
38.1%
First TransformationTARTY
37.9%
Fourth TransformationHANDY
37.5%
Fifth TransformationALBAS
37.3%
6th & 7th TransformationPLACE
36.5%
Fourth TransformationCANDY
35.4%
6th & 7th TransformationPERCE
35.3%
6th & 7th TransformationPEACE
33.9%
First TransformationTARES
33.2%
Fourth TransformationCANBY
32.1%

You're not logged in!

Compare scores with friends on all Sporcle quizzes.
Join for Free
OR
Log In

You Might Also Like...

Show Comments

Extras

Top Quizzes Today


Score Distribution

Your Account Isn't Verified!

In order to create a playlist on Sporcle, you need to verify the email address you used during registration. Go to your Sporcle Settings to finish the process.

Report this User

Report this user for behavior that violates our Community Guidelines.

Details: